书目信息 |
| 题名: |
睡不好,学催眠
|
|
| 作者: | 墨非 编著 | |
| 分册: | ||
| 出版信息: | 北京 中国华侨出版社 2017 |
|
| 页数: | 276页 | |
| 开本: | 24cm | |
| 丛书名: | ||
| 单 册: | ||
| 中图分类: | R749.7 | |
| 科图分类: | ||
| 主题词: | 失眠--防治 | |
| 电子资源: | ||
| ISBN: | 978-7-5113-6465-4 | |
| 000 | 00880nam0 2200229 450 | |
| 001 | 66 | |
| 005 | 20180519102800.61 | |
| 010 | @a978-7-5113-6465-4@dCNY36.80 | |
| 100 | @a20170619d2017 em y0chiy50 ea | |
| 101 | 0 | @achi |
| 102 | @aCN@b110000 | |
| 105 | @ay z 000yy | |
| 200 | 1 | @a睡不好,学催眠@9shui bu hao , xue cui mian@e超实用的108种心理催眠法@f墨非编著 |
| 210 | @a北京@c中国华侨出版社@d2017 | |
| 215 | @a276页@d24cm | |
| 330 | @a随着现代都市人学习、生活、工作的压力的增大,睡眠障碍成为许多人的困难问题,各种帮助读者如何更好、更快入睡的方法层出不穷,本书作者主要针对这个问题传授给读者一些简单的催眠方法,书中列举了大量的事例,增强了可读性。 | |
| 517 | 1 | @a超实用的108种心理催眠法@9chao shi yong de 108 zhong xin li cui mian fa |
| 606 | 0 | @a失眠@x防治 |
| 690 | @aR749.7@v5 | |
| 701 | 0 | @a墨非@9mo fei@4编著 |
| 801 | 0 | @aCN@b91MARC@c20170619 |
| 905 | @aMuseLib@dR749.7@e181 | |
| 睡不好,学催眠:超实用的108种心理催眠法/墨非编著.-北京:中国华侨出版社,2017 |
| 276页;24cm |
| ISBN 978-7-5113-6465-4:CNY36.80 |
| 随着现代都市人学习、生活、工作的压力的增大,睡眠障碍成为许多人的困难问题,各种帮助读者如何更好、更快入睡的方法层出不穷,本书作者主要针对这个问题传授给读者一些简单的催眠方法,书中列举了大量的事例,增强了可读性。 |
| ● |
| 相关链接 |
|
|
|
|
正题名:睡不好,学催眠
索取号:R749.7/181
 
预约/预借
| 序号 | 登录号 | 条形码 | 馆藏地/架位号 | 状态 | 备注 |
| 1 | 1100352 | 211003527 | 第二样本阅览室/ [索取号:R749.7/181] | 在馆 | |
| 2 | 1100353 | 211003536 | 教育系资料室/ [索取号:R749.7/181] | 在馆 | |
| 3 | 1100354 | 211003545 | 教育系资料室/ [索取号:R749.7/181] | 在馆 | |
| 4 | 1100355 | 211003554 | 教育系资料室/ [索取号:R749.7/181] | 在馆 | |
| 5 | 1100356 | 211003563 | 第三借阅区/ [索取号:R749.7/181] | 在馆 | |
| 6 | 1100357 | 211003572 | 第三借阅区/ [索取号:R749.7/181] | 在馆 |